Az EU támogatáspolitikája a 2014-2020-as időszakra az agrártámogatási rendszeren keresztül.

Bibliográfiai részletek
Szerző: Minya Máté
További közreműködők: Vallyon Dr. Andrea
Dokumentumtípus: Diplomadolgozat
Kulcsszavak:Finanszírozás
EU- támogatások
Agrárpoltika
Agrártámogatás
Online Access:http://dolgozattar.uni-bge.hu/8556

MARC

LEADER 00000nta a2200000 i 4500
001 dolg8556
005 20170615153149.0
008 161209suuuu hu om 000 hun d
040 |a BGE Dolgozattár Repozitórium  |b hun 
041 |a hu 
100 1 |a Minya Máté 
245 1 3 |a Az EU támogatáspolitikája a 2014-2020-as időszakra az agrártámogatási rendszeren keresztül.  |c Minya Máté  |h [elektronikus dokumentum] 
695 |a Finanszírozás 
695 |a EU- támogatások 
695 |a Agrárpoltika 
695 |a Agrártámogatás 
700 1 |a Vallyon Dr. Andrea  |e ths 
856 4 0 |u http://dolgozattar.uni-bge.hu/8556/1/Minya%20M%C3%A1t%C3%A9%20szakdolgozat%202016.pdf  |z Dokumentum-elérés